| Record ID | ia:blossombirdfinds0000mill |
| Source | Internet Archive |
| Download MARC XML | https://archive.org/download/blossombirdfinds0000mill/blossombirdfinds0000mill_marc.xml |
| Download MARC binary | https://www.archive.org/download/blossombirdfinds0000mill/blossombirdfinds0000mill_meta.mrc |
LEADER: 01550cam 2200421 a 4500
001 ocm07553710
003 OCoLC
005 20180714034218.0
008 810519s1981 nyua j 000 1 eng
010 $a 81009980
040 $aDLC$beng$cDLC$dOCL$dBTCTA$dOCLCG$dUIU$dOCLCO$dOCLCF$dOCLCQ$dOCLCO
020 $a0516023527
020 $a9780516023526
035 $a(OCoLC)7553710
042 $alcac
050 10 $aPZ7.M6123$bBm 1981b
082 00 $a[E]$219
100 1 $aMiller, Bob.
245 10 $aBlossom Bird finds a family :$ba Bob Miller picture story /$cwith words by Sherry Paul.
260 $aNew York :$bContemporary Perspectives, Inc. ;$aChicago, Ill. :$bChildrens Press [distributor],$c℗♭1981.
300 $a[32] pages :$bchiefly color illustrations ;$c25 cm.
336 $atext$btxt$2rdacontent
337 $aunmediated$bn$2rdamedia
338 $avolume$bnc$2rdacarrier
490 0 $aSee how I read book
520 $aBecause she wants a family, Blossom Bird finds "eggs" to "hatch" and comes up with an unlikely group.
650 0 $aBirds$vJuvenile fiction.
650 0 $aFamilies$vJuvenile fiction.
650 1 $aBirds$vFiction.
650 7 $aBirds.$2fast$0(OCoLC)fst00832970
650 7 $aFamilies.$2fast$0(OCoLC)fst01728849
655 7 $aFiction.$2fast$0(OCoLC)fst01423787
655 7 $aJuvenile works.$2fast$0(OCoLC)fst01411637
700 1 $aPaul, Sherry,$d1934-
938 $aBaker and Taylor$bBTCP$n81009980
029 1 $aAU@$b000002011315
994 $aZ0$bP4A
948 $hNO HOLDINGS IN P4A - 124 OTHER HOLDINGS